| 000 | 00607 a2200145 4500 | ||
|---|---|---|---|
| 082 | _a BICSE-2 | ||
| 100 |
_aMalik Imran Kausar _992329 |
||
| 245 |
_aWater monitoring System using Wireless Sensor Networks [Project BICSE2[ _c Malik Imran Kausar |
||
| 260 |
_a Islamabad, _bNUST School of Electrical Engineering & Computer Science, _c2008. |
||
| 300 |
_a78 p. _b: ill. _c; 27 cm. + _eCD-ROM |
||
| 500 | _aSupervisors : Mr. Tahir Azeem, Dr. Syed Ali Khayam. | ||
| 700 |
_aOsama Riaz Khan & Umair Ahmed Bhatti. _992330 |
||
| 856 | _uhttp://10.250.8.41:8080/xmlui/handle/123456789/8953 | ||
| 942 |
_cPR _kBICSE-2 IMR _2ddc |
||
| 999 |
_c9144 _d9144 |
||